000 00413pab a2200133 454500
008 180718b xxu||||| |||| 00| 0 eng d
100 _aKing Desmond S.
245 _aThe conservatives and training policy 1979-1992: from a tripartite to a neoliberal regime
362 _a41(2), Jun 93, p.214-35
650 _a Thatcherism
650 _aTraining -- Executives -- U.K.
773 _aPolitical Studies
909 _a25239
999 _c25239
_d25239